000 00519nam a2200229 a 4500
001 nice12345678
003 IN_TiNIC
005 20260116011844.0
008 050524s1950 lona grp 000 0 eng
020 _a
_c0
082 0 0 _a201
_bCAR
100 _aCarmichael, Amy
245 _aPonnammal
_b Her History
260 _aLondon
_bSpck
_c1950
300 _a113p
500 _aincludes index and biblioraphy
505 2 _aIndex
700 1 _aCarmichael, Amy
902 _bSRS
942 _cBK
999 _c4473
_d4473